Statistics for Largest Counties in U.S. by Population (>1,000,000 population) (2023)

Click here to take the quiz!

General Stats

  • This quiz has been taken 20 times
  • The average score is 32 of 51

Answer Stats

HintAnswer% Correct
3,240,017Orange
100%
1,515,093Orange
100%
10,072,629Los Angeles
88%
1,726,765New York
88%
5,299,802Cook
81%
2,687,159Dallas
81%
4,922,752Harris
81%
4,601,603Maricopa
81%
2,225,586San Bernardino
81%
3,359,630San Diego
81%
1,498,919Bronx
75%
2,359,718Clark
75%
2,371,204King
75%
1,627,134Philadelphia
75%
2,457,886Queens
75%
1,785,455Wayne
75%
1,032,114Fresno
69%
1,110,549Fulton
69%
2,763,336Miami-Dade
69%
2,486,747Riverside
69%
1,634,936Sacramento
69%
1,982,645Santa Clara
69%
1,733,977Alameda
63%
2,097,689Bexar
63%
1,528,924Hillsborough
63%
2,805,485Kings
63%
1,670,678Middlesex
63%
1,089,145Montgomery
63%
1,258,747Allegheny
56%
2,003,268Broward
56%
1,200,997Contra Costa
56%
1,260,227Cuyahoga
56%
1,320,307Hennepin
56%
1,412,646Nassau
56%
1,231,912Salt Lake
56%
1,005,676St. Louis
56%
1,535,691Suffolk
56%
2,201,123Tarrant
56%
1,021,059Westchester
56%
1,034,857Duval
50%
1,035,498Honolulu
50%
1,543,809Palm Beach
50%
1,062,384Pima
50%
1,369,964Travis
50%
1,149,101Collin
44%
1,170,883Fairfax
44%
1,174,237Mecklenburg
44%
1,296,004Oakland
44%
1,371,924Franklin
38%
1,197,936Wake
38%
1,002,584Gwinnett
13%

Score Distribution

Percentile by Number Answered

Percent of People with Each Score

Your Score History

You have not taken this quiz